LEADER 05156nam 22006975 450 001 9910337586603321 005 20200704035007.0 010 $a3-030-21436-2 024 7 $a10.1007/978-3-030-21436-4 035 $a(CKB)4100000008742972 035 $a(MiAaPQ)EBC5836920 035 $a(DE-He213)978-3-030-21436-4 035 $a(PPN)238490211 035 $a(EXLCZ)994100000008742972 100 $a20190722d2019 u| 0 101 0 $aeng 135 $aurcnu|||||||| 181 $ctxt$2rdacontent 182 $cc$2rdamedia 183 $acr$2rdacarrier 200 10$aClean, Green and Responsible? $eSoundings from Down Under /$fedited by Gabriel Eweje, Ralph J. Bathurst 205 $a1st ed. 2019. 210 1$aCham :$cSpringer International Publishing :$cImprint: Springer,$d2019. 215 $a1 online resource (256 pages) 225 1 $aCSR, Sustainability, Ethics & Governance,$x2196-7075 311 $a3-030-21435-4 327 $aIntroduction: Clean, Green and Responsible? Soundings from Down Under?An Overview -- Decent Work and Economic Growth: Is NZ Business Progressing Well? -- Reframing the Relationship Between Profit and Sustainability in Corporate Australia: A Look at the Current Approach and Emerging Solutions -- Educating for Sustainability-as-Flourishing -- Stakeholder Perceptions of the Importance and Effects of Sustainability Education -- Embedding Corporate Social Responsibility into Business Practice: Lessons Learned from New Zealand -- Social Marketing and Residential Electricity Consumption: Every Kilowatt Matters -- Climate Change Initiatives for Improving Sustainability and Responsibility in New Zealand -- Becoming a Sustaining Organisation: The Case of Greening the Wharf at Sydney Theatre Company and Its Impacts -- Learning from a Climate Improvement Initiative: A Co-constructed Autoethnographic Exploration of Tensions in a Cross-Sector Collaboration -- Greening the Supply Chain: A Framework for Best Practices -- The Impact of Sustainability Reporting Determined from the Response of Mining Corporations to Environmental Risk -- Attitudes of Incumbent Regimes to a Renewable Energy Transition: A Case Study of Queensland, Australia. 330 $aNew Zealand and Australia are broadly considered to be countries in which sustainability and responsibility discourses are being pursued by governments and business alike, and in which incentives and initiatives are helping confront and overcome sustainability-related challenges. This book takes a closer look behind and beyond the marketing mantras of both Australia?s and New Zealand?s ?clean and green? campaigns and, on the basis of representative examples and cases, critically evaluates the status quo. The book assesses the effectiveness of sustainability and responsibility models with a focus on the South Pacific and argues that the ways in which issues have been dealt with in this more closely defined geographical region are most likely a good indicator of how similar issues are (or soon will be) dealt with around the globe. As such, the book offers a rich source of cases on sustainability and responsibility in the business arena, a critical review, and an inspirational affirmation of responsible business practice. 410 0$aCSR, Sustainability, Ethics & Governance,$x2196-7075 606 $aRenewable energy resources 606 $aSocial responsibility of business 606 $aEconomic geography 606 $aSustainable development 606 $aIndustrial management?Environmental aspects 606 $aEnvironmental economics 606 $aRenewable and Green Energy$3https://scigraph.springernature.com/ontologies/product-market-codes/111000 606 $aCorporate Social Responsibility$3https://scigraph.springernature.com/ontologies/product-market-codes/526010 606 $aEconomic Geography$3https://scigraph.springernature.com/ontologies/product-market-codes/J12000 606 $aSustainable Development$3https://scigraph.springernature.com/ontologies/product-market-codes/U34000 606 $aSustainability Management$3https://scigraph.springernature.com/ontologies/product-market-codes/515040 606 $aEnvironmental Economics$3https://scigraph.springernature.com/ontologies/product-market-codes/W48000 615 0$aRenewable energy resources. 615 0$aSocial responsibility of business. 615 0$aEconomic geography. 615 0$aSustainable development. 615 0$aIndustrial management?Environmental aspects. 615 0$aEnvironmental economics. 615 14$aRenewable and Green Energy. 615 24$aCorporate Social Responsibility. 615 24$aEconomic Geography. 615 24$aSustainable Development. 615 24$aSustainability Management. 615 24$aEnvironmental Economics. 676 $a338.910995 676 $a338.910995 702 $aEweje$b Gabriel$4edt$4http://id.loc.gov/vocabulary/relators/edt 702 $aBathurst$b Ralph J$4edt$4http://id.loc.gov/vocabulary/relators/edt 906 $aBOOK 912 $a9910337586603321 996 $aClean, Green and Responsible$92199657 997 $aUNINA